[Event "EU-chT Seniors"]
[Site "Dresden GER"]
[Date "2006.02.19"]
[Round "3"]
[White "Werchan,H"]
[Black "Schwertel,J"]
[Result "1-0"]
[WhiteElo "2138"]
[BlackElo "2039"]

1.Nf3 d5 2.c4 c6 3.d4 Nf6 4.Nc3 e6 5.e3 Be7 6.Bd3 Nbd7 7.O-O O-O 8.a3 Re8
9.b3 Bf8 10.Bb2 g6 11.Rc1 Bg7 12.Qc2 a6 13.b4 Nf8 14.Ne5 Bd7 15.Na4 Bc8 16.c5 N6d7
17.f4 f6 18.Nf3 f5 19.Ne5 Nxe5 20.dxe5 Bd7 21.Qe2 Qe7 22.g4 Qh4 23.g5 h6
24.gxh6 Bxh6 25.Kh1 Re7 26.Rg1 Rh7 27.Rg2 Kf7 28.Rcg1 Rd8 29.Bc3 Bg7 30.Rg5 Be8
31.Be1 Qh6 32.R1g2 Qh3 33.R5g3 Qh6 34.Qf2 Kg8 35.Nc3 Rh8 36.Ne2 Nh7 37.Nd4 Nf8
38.a4 Rh7 39.Rg1 Kh8 40.Bf1 Rc8 41.Rh3 Qxh3 42.Bxh3 Rxh3 43.Rg3 Rh4 44.Qg2 Kg8
45.Rg5 Rh6 46.Kg1 Bd7 47.h4 Kf7 48.h5 Rc7 49.Nf3 Be8 50.Nh4 Kg8 51.hxg6 Bh8
52.b5 cxb5 53.axb5 Bxb5 54.Nxf5 exf5 55.Qxd5+ Kg7 56.e6 Nxg6 57.Bc3+ Kh7
58.Bxh8 Nxh8 59.Qxf5+ Ng6 60.Qf6 Nh4  1-0

[Event "Bundesliga 2005-6"]
[Site "Hamburg GER"]
[Date "2006.02.19"]
[Round "11"]
[White "Kempinski,R"]
[Black "Nielsen,PH"]
[Result "1/2-1/2"]
[WhiteElo "2619"]
[BlackElo "2644"]

1.d4 Nf6 2.c4 e6 3.Nf3 d5 4.Nc3 c6 5.e3 Nbd7 6.Qc2 Bd6 7.Bd3 O-O 8.O-O dxc4
9.Bxc4 a6 10.a4 c5 11.dxc5 Bxc5 12.b3 b6 13.Ne4 Be7 14.Bb2 Bb7 15.Nfg5 Nxe4
16.Nxe4 Bxe4 17.Qxe4 Bf6 18.Bd4 Nc5 19.Bxc5 bxc5 20.Rad1 Qc7 21.Rd3 a5 22.Rfd1 Rad8
23.h4 Rxd3 24.Rxd3 Rd8 25.h5 Rxd3 26.Bxd3 g6 27.g3 Kg7  1/2-1/2

[Event "EU-chT Seniors"]
[Site "Dresden GER"]
[Date "2006.02.20"]
[Round "4"]
[White "Baumbach,F"]
[Black "Shabanov,Y"]
[Result "1/2-1/2"]
[WhiteElo "2262"]
[BlackElo "2427"]

1.d4 d5 2.c4 c6 3.Nf3 Nf6 4.Nc3 e6 5.e3 Nbd7 6.Bd3 dxc4 7.Bxc4 b5 8.Bd3 Bd6
9.O-O O-O 10.e4 e5 11.Bc2 Bb7 12.Bg5 Re8 13.Re1 a6  1/2-1/2

[Event "EU-chT Seniors"]
[Site "Dresden GER"]
[Date "2006.02.20"]
[Round "4"]
[White "Siegmund,R"]
[Black "Wiemer,J"]
[Result "1-0"]
[WhiteElo "2177"]
[BlackElo "2115"]

1.d4 Nf6 2.c4 c6 3.Nc3 d5 4.Nf3 e6 5.e3 Nbd7 6.Qc2 Bd6 7.Be2 O-O 8.b3 a6
9.O-O b5 10.c5 Bc7 11.b4 e5 12.dxe5 Nxe5 13.Nd4 Bd7 14.a4 Qe7 15.Bd2 Rfe8
16.Ra2 Nc4 17.Rfa1 Ne4 18.Nxe4 Qxe4 19.Qxe4 dxe4 20.Bc3 Be5 21.axb5 cxb5
22.Rxa6 Rxa6 23.Rxa6 Rc8 24.c6 Be8 25.Nxb5 Bxc3 26.Nxc3 Rxc6  1-0

[Event "EU-chT Seniors"]
[Site "Dresden GER"]
[Date "2006.02.24"]
[Round "8"]
[White "Uhlmann,W"]
[Black "Baumbach,F"]
[Result "1/2-1/2"]
[WhiteElo "2420"]
[BlackElo "2262"]

1.c4 c6 2.d4 d5 3.Nf3 Nf6 4.Nc3 e6 5.e3 Nbd7 6.Qc2 Bd6 7.Be2 O-O 8.O-O dxc4
9.Bxc4 e5 10.Rd1 Qe7 11.Bd3 Re8 12.Ng5 h6 13.Nge4 Nxe4 14.Nxe4 Bb8 15.Bd2 Nf6
16.Nxf6+ Qxf6 17.Bc3 e4 18.Be2 Qg5 19.Qb3 Bh3 20.g3 b6 21.d5 c5 22.d6 Rd8
23.Qa4 Bxd6 24.Qxe4 Qe7 25.Bf3 Rac8 26.Qa4 Be6 27.Bd5 Bb8 28.Qe4 Re8 29.Bxe6 Qxe6
30.Qxe6 Rxe6 31.Rd7 Rd6 32.Rd1 Rxd1+ 33.Rxd1 Bc7 34.Rd7 Kf8 35.b4 Ke8 36.Rd5 cxb4
37.Bxg7 Bd8 38.Rd2 h5 39.h4 a5 40.g4 hxg4 41.h5 Rc5 42.h6 Rh5 43.Rd4 f6 44.Rd6 a4
45.Bxf6 Bxf6 46.Rxf6 b5 47.Rf4 b3 48.axb3 a3 49.Rxg4 Rxh6 50.Rg8+ Kd7 51.Ra8 b4
52.Ra4 Rb6 53.Kf1 Kc6 54.Ke2 Kb5 55.Kd2 Ra6 56.Rxa6 Kxa6 57.Kc2 Kb6 58.f4 Kc6  1/2-1/2

[Event "EU-chT Seniors"]
[Site "Dresden GER"]
[Date "2006.02.24"]
[Round "8"]
[White "Stavenhagen,J"]
[Black "Denda,R"]
[Result "1/2-1/2"]
[WhiteElo "2019"]
[BlackElo "2054"]

1.d4 d5 2.c4 e6 3.Nc3 Nf6 4.Nf3 c6 5.e3 Nbd7 6.Be2 Bd6 7.c5 Bb8 8.b4 e5 9.dxe5 Nxe5
10.Bb2 Qe7 11.Qc2 Nxf3+ 12.gxf3 Rg8 13.O-O-O  1/2-1/2

[Event "EU-chT Seniors"]
[Site "Dresden GER"]
[Date "2006.02.24"]
[Round "8"]
[White "Kanko,I"]
[Black "Neese,H"]
[Result "1/2-1/2"]
[WhiteElo "2227"]
[BlackElo "2244"]

1.d4 Nf6 2.c4 e6 3.Nf3 d5 4.Nc3 c6 5.e3 Nbd7 6.Be2 Bd6 7.O-O O-O 8.b3 b6
9.Bb2 Bb7 10.Qc2 Rc8 11.e4 dxe4 12.Nxe4 Nxe4 13.Qxe4 Re8 14.Rad1 Qe7 15.Ne5 f5
16.Qc2 Nxe5 17.dxe5 Bc5 18.Rd3 Rcd8 19.Rfd1 Qc7 20.Qd2 Rxd3 21.Qxd3 Bc8 22.Qc3 a5
23.a3 Rd8 24.Rxd8+ Qxd8 25.b4 axb4 26.axb4 Be7 27.c5 bxc5 28.bxc5 Qd5 29.Ba3 Bd7
30.Bf3 Qa2 31.g3 Be8 32.Kg2 g5 33.h3 h5 34.g4 hxg4 35.hxg4 Bf8 36.Bc1 fxg4
37.Be4 Qa7 38.Be3 Qg7 39.Qd4 Be7 40.Bd3 Qh8 41.Kg1 Qh4 42.Bc4 Kf7 43.Qe4 Kg7
44.Bxe6  1/2-1/2

[Event "13th Open Metalis"]
[Site "Bizovac CRO"]
[Date "2006.02.26"]
[Round "7"]
[White "Kozul,Z"]
[Black "Rogic,D"]
[Result "1/2-1/2"]
[WhiteElo "2600"]
[BlackElo "2533"]

1.d4 d5 2.c4 c6 3.e3 Nf6 4.Nc3 e6 5.Nf3 Nbd7 6.Bd3 dxc4 7.Bxc4 b5 8.Bd3 a6
9.e4 c5 10.d5 Qc7 11.O-O c4 12.Bc2 Bb7 13.dxe6 fxe6 14.Nd4 Nc5 15.Qe2 Rd8
16.Be3 e5 17.Nf5 g6 18.Bg5 Qf7 19.Ne3 Ne6 20.Bxf6 Qxf6 21.Ncd5 Qg5 22.b3 c3
23.Kh1 Bc5 24.b4 Nf4 25.Nxf4 exf4 26.Nd5 Bd6 27.Bb3 Qe5 28.Qf3 Bxd5 29.exd5 O-O
30.Rae1 Qg7 31.Re6 Rf7 32.Qe4 f3 33.g3 Qh6 34.Re8+ Rxe8 35.Qxe8+ Kg7 36.Qe6 g5
37.Qg4 Qg6 38.Rc1 Qf5 39.Qd4+ Be5 40.Qe3 Re7 41.Bc2 Qf6 42.Qd3 Kf8 43.Re1 Bd6
44.Rxe7 Bxe7 45.Qxh7 Bxb4 46.Qe4 Bc5 47.Kg1 Kg7 48.Kf1 Kf8 49.Bd1 Kg7 50.Bxf3 Qd4
51.Qxd4+ Bxd4 52.Bd1 Kf6 53.Ke2 Ke5 54.Bb3 c2  1/2-1/2

[Event "Breizh Masters"]
[Site "Guingamp FRA"]
[Date "2006.02.26"]
[Round "1"]
[White "Gicquel,F"]
[Black "Ragot,N"]
[Result "1/2-1/2"]
[WhiteElo "2229"]
[BlackElo "2203"]

1.d4 d5 2.Nf3 Nf6 3.c4 e6 4.Nc3 c6 5.e3 Nbd7 6.Bd3 dxc4 7.Bxc4 b5 8.Bd3 Bb7
9.O-O a6 10.e4 c5 11.d5 c4 12.Bc2 Bb4 13.dxe6 fxe6 14.Nd4 Nc5 15.e5 Bxc3
16.bxc3 Qd5 17.f3 Nfd7 18.Ba3 O-O-O 19.Qe2 Nxe5 20.Rad1 Ncd3 21.f4 Nc6 22.Qxe6+ Kb8
23.Qxd5 Rxd5 24.Bxd3 Nxd4 25.Bxc4 Nf3+ 26.gxf3 bxc4 27.Rxd5 Bxd5 28.Kf2 Rd8
29.Bc5 Kc7 30.Rb1 Re8 31.Bb6+ Kd7 32.Bd4 g6 33.Be5 Kc6 34.Bd4 Kd7 35.Rb6 Re6
36.Rb8 Re8 37.Rb1 Kc7 38.Rg1 Be6 39.Rd1 Bf5 40.Be5+ Kb7 41.Rd6 Rc8 42.Bd4  1/2-1/2

[Event "1st ONGC Cup"]
[Site "Hyderabad IND"]
[Date "2006.02.26"]
[Round "2"]
[White "Sundararajan,K"]
[Black "Suresh Kumar,T"]
[Result "1/2-1/2"]
[WhiteElo "2495"]
[BlackElo "2210"]

1.d4 d5 2.c4 c6 3.Nc3 Nf6 4.e3 e6 5.Nf3 Nbd7 6.Bd3 dxc4 7.Bxc4 b5 8.Bd3 Bb7
9.e4 b4 10.Na4 c5 11.e5 Nd5 12.dxc5 Bxc5 13.Nxc5 Nxc5 14.Bb5+ Kf8 15.O-O h6
16.Qd4 Qb6 17.Bc4 Nd7 18.Qg4 Rc8 19.Rd1 Qc7 20.Bxd5 Bxd5 21.Qxb4+ Kg8 22.Bf4 Rb8
23.Qe7 Qb7 24.Rac1 Kh7 25.Ne1 Rhe8 26.Qd6 Rbc8 27.b3 Nf8 28.Be3 Ng6 29.f3 Red8
30.Qa3 Rxc1 31.Rxc1 Nxe5 32.Qa5 Rc8 33.Rxc8 Qxc8 34.Qxa7 Qc3 35.Bf2 Nc6 36.Qc5 Qd2
37.Qc2+ Qxc2 38.Nxc2 e5 39.Bc5 f5 40.Kf2 g5 41.Ne3 Be6 42.Nf1 Kg6 43.Nd2 Bd5
44.a4 Na5 45.b4 Nb3 46.Nb1 Kf6 47.Nc3 Ke6 48.Bf8 h5 49.Nxd5 Kxd5 50.a5 Kc6
51.Bg7 Nd4 52.Bxe5 Nc2 53.Bc3 Kb5 54.Ke2 f4 55.Kd3 Ne3 56.g3 fxg3 57.hxg3 Nd5
58.Be1 h4 59.gxh4 gxh4 60.Bxh4 Nxb4+ 61.Ke4 Nc6 62.Be1 Nb8 63.Ke5 Nd7+  1/2-1/2

[Event "56th ch-HUN"]
[Site "Szekesfehervar HUN"]
[Date "2006.03.01"]
[Round "1"]
[White "Berkes,F"]
[Black "Ruck,R"]
[Result "1/2-1/2"]
[WhiteElo "2597"]
[BlackElo "2540"]

1.d4 d5 2.Nf3 Nf6 3.c4 c6 4.Nc3 e6 5.e3 Nbd7 6.Bd3 dxc4 7.Bxc4 b5 8.Bd3 Bb7
9.O-O b4 10.Ne4 Be7 11.Nxf6+ Nxf6 12.a3 a5 13.e4 O-O 14.Qc2 Nd7 15.Rd1 c5
16.d5 exd5 17.exd5 Nf6 18.Bf4 Bd6 19.Bg5 h6 20.Bh4 g5 21.Bg3 Bxg3 22.hxg3 Qd6
23.Bf5 Bxd5 24.Nxg5 hxg5 25.Qd2 Rfd8 26.Qxg5+ Kf8 27.Qh6+ Kg8 28.g4 Ra6 29.axb4 cxb4
30.Qg5+ Kf8 31.Rd3 Ng8 32.Rad1 Qe7 33.Qf4 Rad6 34.g5 Bb3 35.Rxd6 Bxd1 36.Rxd8+ Qxd8
37.g6 Qf6 38.gxf7 Ne7 39.Qb8+ Kxf7 40.Bd7 Bc2 41.Be8+ Kg7 42.Qc7 b3 43.Ba4 Kf7
44.Qc4+ Qe6 45.Qf4+ Kg7 46.Qg5+ Ng6 47.Qxa5 Qe5 48.Qxe5+ Nxe5 49.Bb5 Kf6
50.f4 Ng4 51.Be2 Ne3 52.Kf2 Nd5 53.Bc4 Nxf4 54.Ke3 Ke5 55.g3 Nh3 56.Bd3 Bd1
57.Bc4 Ng5 58.Kd3 Ne4 59.Bg8 Nc5+ 60.Kc4 Kd6 61.Kb4 Bc2 62.Bc4 Bd1 63.g4 Bxg4
64.Bxb3 Nxb3 65.Kxb3  1/2-1/2

[Event "1st ONGC Cup"]
[Site "Hyderabad IND"]
[Date "2006.03.03"]
[Round "8"]
[White "Sandeep,Y"]
[Black "Ramesh,R"]
[Result "0-1"]
[WhiteElo "2223"]
[BlackElo "2491"]

1.d4 Nf6 2.Nf3 d5 3.c4 e6 4.Nc3 c6 5.e3 Nbd7 6.Qc2 Bd6 7.g4 dxc4 8.Bxc4 Nd5
9.Bd2 b6 10.e4 Nb4 11.Qb3 O-O 12.a3 Na6 13.e5 Be7 14.Bd3 Nac5 15.Bxh7+ Kxh7
16.Qc2+ Kg8 17.dxc5 Nxc5 18.O-O-O Nd3+ 19.Kb1 c5 20.Bg5 c4 21.Ne4 Bb7 22.Bxe7 Qxe7
23.Nfg5 Bxe4 24.Nxe4 Nxe5 25.g5 Rfd8 26.Rhg1 Rxd1+ 27.Qxd1 Qd8 28.Nd6 Nd3
29.Qf3 Ne5 30.Qe4 Ng6 31.h4 Rb8 32.Nxc4 Qd5 33.Qxd5 exd5 34.h5 dxc4 35.hxg6 fxg6
36.Rd1 Rf8 37.Rd7 Rf7 38.Rd2 b5 39.Kc2 Rf3 40.Rd8+ Kh7 41.Rd7 Rxf2+ 42.Kc3 Rf3+
43.Kc2 a5 44.Rd5 Rf5 45.Rd4 Rxg5 46.a4 bxa4 47.Rxc4 Rd5 48.Rh4+ Kg8 49.Rxa4 g5
50.b4 axb4 51.Rxb4 Kh7 52.Kc3 Kg6 53.Rb1 g4  0-1

[Event "LXIII ch-POL"]
[Site "Krakow POL"]
[Date "2006.03.03"]
[Round "7"]
[White "Kempinski,R"]
[Black "Dziuba,M"]
[Result "1/2-1/2"]
[WhiteElo "2619"]
[BlackElo "2491"]

1.d4 d5 2.c4 e6 3.Nc3 c6 4.e3 Nf6 5.Nf3 Nbd7 6.Qc2 b6 7.b3 Bb7 8.Bd3 Bd6
9.O-O O-O 10.Bb2 Qc7 11.Rac1 Rac8 12.Rfd1 h6 13.Ne2 dxc4 14.Bxc4 c5 15.dxc5 Bxc5
16.Ned4 e5 17.Ne2 Qb8 18.Nc3 e4 19.Nd2 Ng4 20.Nf1 Ndf6 21.Qe2 Ne5 22.Ng3 Rfd8
23.a4 Nxc4 24.bxc4 a6 25.Nd5 Nxd5 26.cxd5 Bf8 27.Qg4 Rxc1 28.Rxc1 Bxd5 29.Nf5 g6
30.Qh4 g5 31.Nxh6+ Kh7 32.Qxg5 Bxh6 33.Qf5+ Kg8 34.Qf6 Kh7 35.Qf5+ Kg8 36.Qf6 Kh7
37.Be5 Qa8 38.Qf5+ Kg8 39.Qf6 Kh7 40.Rc7 Rf8 41.Bb2 Bb3  1/2-1/2

[Event "III GM-Tage"]
[Site "Pulvermuehle GER"]
[Date "2006.03.03"]
[Round "7"]
[White "Markos,J"]
[Black "Braun,A"]
[Result "1/2-1/2"]
[WhiteElo "2493"]
[BlackElo "2491"]

1.Nf3 Nf6 2.c4 c6 3.d4 d5 4.Nc3 e6 5.e3 a6 6.Ne5 Nbd7 7.f4 dxc4 8.Bxc4 b5
9.Bb3 Qc7 10.O-O Be7 11.Qf3 Bb7 12.Nxf7 Kxf7 13.f5 Nf8 14.fxe6+ Nxe6 15.Ne4 h6
16.Qh5+ g6 17.Qe5 Qxe5 18.dxe5 c5 19.Nd6+ Bxd6 20.Rxf6+ Kg7 21.Bxe6 Rhf8
22.Rxf8 Bxf8 23.Bd2 Be7 24.Rf1 Rf8 25.Rxf8 Bxf8 26.Kf2 b4 27.Bc4 a5 28.a4 Be4
29.b3 g5 30.Bc1 Kg6 31.Bb2 Kf5 32.Bg8 Bc6 33.Bh7+ Ke6 34.Bg8+ Kf5 35.Bh7+ Ke6
36.g4 Kf7 37.e6+ Ke7 38.Be5 Bd5 39.Bc2 c4 40.bxc4 Bxc4 41.Bc7 Kxe6 42.Bxa5 Bd6
43.h3 Kd5 44.Bb6 Be5 45.Bb1 b3 46.a5 Kc6 47.Bd8 Kb5 48.h4 gxh4 49.Bxh4 Kxa5
50.g5 h5 51.g6 Kb4 52.Be7+ Kc3 53.Bf8 Kb2 54.Be4 Ka2 55.Bc5 b2  1/2-1/2

[Event "2nd Bundesliga Mitte 2005-6"]
[Site "Austria AUT"]
[Date "2006.03.04"]
[Round "8"]
[White "Feletar,D"]
[Black "Haba,P"]
[Result "1-0"]
[WhiteElo "2395"]
[BlackElo "2519"]

1.d4 d5 2.c4 c6 3.e3 Nf6 4.Nc3 e6 5.Nf3 Nbd7 6.Qc2 Bd6 7.Bd3 O-O 8.O-O dxc4
9.Bxc4 b5 10.Be2 Bb7 11.Rd1 Qb8 12.e4 e5 13.dxe5 Nxe5 14.Nd4 Neg4 15.h3 Bh2+
16.Kf1 Nxf2 17.Kxf2 b4 18.Na4 c5 19.Nxc5 Rc8 20.Bf3 Rxc5 21.Qxc5 Nxe4+ 22.Bxe4 Qg3+
23.Ke2 Re8 24.Be3 Bxe4 25.Qg5 Qd6 26.Nf5 Qf8 27.Rd8  1-0

[Event "U20ch-RUS"]
[Site "Cheboksary RUS"]
[Date "2006.03.04"]
[Round "3"]
[White "Tomashevsky,E"]
[Black "Kharitonov,Alexandr"]
[Result "0-1"]
[WhiteElo "2586"]
[BlackElo "2535"]

1.c4 c6 2.Nf3 d5 3.e3 Nf6 4.Nc3 e6 5.d4 Nbd7 6.Qc2 Bd6 7.e4 Nxe4 8.Nxe4 dxe4
9.Qxe4 Bb4+ 10.Bd2 Bxd2+ 11.Nxd2 O-O 12.O-O-O c5 13.Nf3 cxd4 14.Bd3 Nf6 15.Qh4 Qc7
16.Kb1 e5 17.Rhe1 Re8 18.Bc2 Bd7 19.g4 Bxg4 20.Rg1 d3 21.Ba4 e4 22.Bxe8 Rxe8
23.Rxg4 Nxg4 24.Qxg4 exf3 25.Rxd3 Qxh2 26.Qxf3 Qc7 27.b3 g6 28.a4 h5 29.Ka2 b6
30.Rd5 Qe7 31.Qf4 a5 32.Rd2 Qe1 33.Kb2 h4 34.Rc2 Qe5+ 35.Qxe5 Rxe5 36.Kc3 h3
37.Rc1 Rf5  0-1

[Event "TCh-NED 2005-6"]
[Site "Netherlands NED"]
[Date "2006.03.04"]
[Round "7"]
[White "Bosch,Je"]
[Black "Smeets,J"]
[Result "0-1"]
[WhiteElo "2465"]
[BlackElo "2550"]

1.d4 d5 2.c4 c6 3.Nc3 e6 4.e3 Nf6 5.Nf3 Nbd7 6.Qc2 Bd6 7.Bd2 O-O 8.O-O-O c5
9.Kb1 a6 10.cxd5 exd5 11.h3 b5 12.e4 dxe4 13.Nxe4 Nxe4 14.Qxe4 Nf6 15.Qc2 c4
16.Bg5 Bb7 17.d5 h6 18.Bh4 Re8 19.Be2 g5 20.Nxg5 hxg5 21.Bxg5 Qe7 22.Bg4 Kg7
23.Ka1 Qe4 24.Qc1 Qg6 25.f4 Ne4 26.Bh4 Be7 27.f5 Qd6 28.Bxe7 Qxe7 29.Rhe1 Qf6
30.Qf4 Nd6 31.Rf1 c3 32.bxc3 Qxc3+ 33.Kb1 Qf6 34.h4 Re4 35.Qg3 Rb4+ 36.Kc2 Rc8+
37.Kd3 Qc3+  0-1

[Event "70th ch-BUL"]
[Site "Svilengrad BUL"]
[Date "2006.03.04"]
[Round "5"]
[White "Vasilev,M"]
[Black "Grigorov,G"]
[Result "1/2-1/2"]
[WhiteElo "2451"]
[BlackElo "2405"]

1.d4 Nf6 2.c4 e6 3.Nf3 d5 4.e3 c6 5.Nc3 Nbd7 6.Bd3 Bd6 7.O-O O-O 8.e4 dxe4
9.Nxe4 Nxe4 10.Bxe4 h6 11.b3 e5 12.dxe5 Nxe5 13.Bb2 Qc7 14.Nxe5 Bxe5 15.Bxe5 Qxe5
16.Re1 Qf6 17.Qh5 Be6 18.Rad1 Rfd8 19.Qa5 Rd4 20.Rxd4 Qxd4  1/2-1/2

[Event "2nd Bundesliga Mitte 2005-6"]
[Site "Austria AUT"]
[Date "2006.03.05"]
[Round "9"]
[White "Uhlmann,W"]
[Black "Feletar,D"]
[Result "1/2-1/2"]
[WhiteElo "2420"]
[BlackElo "2395"]

1.c4 e6 2.Nc3 d5 3.d4 c6 4.e3 Nf6 5.Nf3 Nbd7 6.Qc2 Bd6 7.b3 O-O 8.Be2 Re8
9.Bb2 dxc4 10.bxc4 e5 11.O-O e4 12.Nd2 Qe7 13.Rae1 Nf8 14.f4 exf3 15.Bxf3 Ng4
16.Bxg4 Bxg4 17.Nce4 Bc7 18.Qb3 b6 19.d5 Be5 20.dxc6 Rac8 21.Bxe5 Qxe5 22.Qa3 Rc7
23.Nf2 Bf5 24.Nb3 Be6 25.Qa4 Qc3 26.Ne4 Qe5 27.Ned2 Bc8 28.Nd4 Rce7 29.Qb5 Qc7
30.Qd5 Re5 31.Qf3 f6 32.Nb5 Qe7 33.Nc3 Ng6 34.Nd5 Qd6 35.c7 Nf8 36.Qg3 R5e6
37.e4 Qxg3 38.hxg3 Rc6 39.Rf3 Be6 40.e5 f5 41.Ra3 a5 42.Nf3 Rxc4 43.Nxb6 Rxc7
44.Rxa5 Rb8 45.Nd5 Rc2 46.a3 Bxd5 47.Rxd5 Rbb2 48.e6 Rxg2+ 49.Kh1 Rxg3 50.Rxf5 Nxe6
51.Rxe6 h6 52.a4 Rg4 53.a5 Ra4 54.Rd5 Ra3 55.Nd2 Ra1+ 56.Kg2 Rba2  1/2-1/2

[Event "2nd Bundesliga Mitte 2005-6"]
[Site "Austria AUT"]
[Date "2006.03.05"]
[Round "9"]
[White "Zaja,I"]
[Black "Rogic,D"]
[Result "1/2-1/2"]
[WhiteElo "2449"]
[BlackElo "2533"]

1.d4 d5 2.Nf3 Nf6 3.c4 c6 4.Nc3 e6 5.e3 Nbd7 6.Bd3 b6 7.O-O Bb7 8.Qe2 Be7
9.e4 dxe4 10.Nxe4 Nxe4 11.Bxe4 Nf6 12.Bc2 O-O 13.Bg5 c5 14.dxc5 bxc5 15.Rad1 Qc7
16.Ne5 Rad8 17.b3 Rxd1 18.Rxd1 Rd8 19.Rxd8+ Qxd8 20.Qd3 Qxd3 21.Nxd3 h6 22.Be3 Nd7
23.f3 a5 24.Kf2 Bd6 25.h3 Kf8 26.Ke2 Ke7 27.Bd2 Bc7 28.Bc3 g6 29.Bd2 h5  1/2-1/2

[Event "U20ch-RUS"]
[Site "Cheboksary RUS"]
[Date "2006.03.05"]
[Round "4"]
[White "Safronov,A2"]
[Black "Grachev,B"]
[Result "0-1"]
[WhiteElo "2314"]
[BlackElo "2510"]

1.d4 d5 2.c4 e6 3.Nc3 c6 4.e3 Nf6 5.Nf3 Nbd7 6.Qc2 Bd6 7.b3 b6 8.Bd3 Bb7
9.O-O O-O 10.Bb2 h6 11.Rad1 Qc7 12.e4 dxe4 13.Nxe4 Nxe4 14.Bxe4 Rad8 15.Qe2 Rfe8
16.h3 Nf6 17.Bb1 c5 18.dxc5 Bxc5 19.Ne5 Rxd1 20.Rxd1 Rd8 21.Ng4 Rxd1+ 22.Qxd1 Nxg4
23.Qxg4 Bf8 24.Qe2 Qc6 25.Qg4 b5 26.cxb5 Qxb5 27.Qg3 Qd5 28.Bd3 Qa5 29.a4 Qd2
30.Bd4 a5 31.Bc3 Qd1+ 32.Kh2 Qh5 33.Bc4 Qc5 34.Be5 Bc6 35.Kg1 Bxa4 36.Qc3 Bc6
37.Bd4 Qg5 38.Bf1 Qd5 39.Be5 f6 40.Bc7 Bb4 41.Qe3 Kf7 42.Qa7 Bb7 43.Bb6 Kg6
44.Qb8 Kh7 45.Qg3 Bc6 46.Qe3 f5 47.Bc7 Bd6 48.Bxd6 Qxd6 49.Qc3 Qd5 50.f3 Bb5
51.Bxb5 Qxb5 52.Kf2 Qd5 53.Ke3 Kg6 54.Kf4 Kf7 55.Ke3 Kg6 56.Kf4 Kf7 57.Ke3 e5
58.Qc7+ Kg6 59.Qc3 Kg5 60.Ke2 Qb5+ 61.Ke3 Qb6+ 62.Ke2 Kf6 63.Qd2 Qb5+ 64.Kf2 Qc5+
65.Ke2 Ke7 66.Qd3 Ke6 67.Qa6+ Kf7 68.Qd3 Kf6 69.Qd8+ Kg6 70.Qe8+ Kh7 71.Qf7 Qb5+
72.Kf2 Qb6+ 73.Kf1 Qb5+ 74.Kf2 Qc5+ 75.Kf1 e4 76.fxe4 fxe4 77.Qe6 Qc1+ 78.Ke2 Qc2+
79.Kf1 Qd1+ 80.Kf2 Qd2+ 81.Kf1 Qc1+ 82.Ke2 Qb2+ 83.Ke3 Qxg2 84.Qf5+ Kg8 85.Qc8+ Kf7
86.Qf5+ Ke7 87.Qe5+ Kf7 88.Qf5+ Kg8 89.Qc8+ Kh7 90.Qf5+ Qg6 91.Qxa5 Qg3+
92.Kxe4 Qh4+ 93.Kd3 Qxh3+ 94.Kc2 Qg2+ 95.Kc1 Qf1+ 96.Kb2 Qf6+ 97.Ka2 Qf7
98.Kb2 h5 99.b4 h4 100.b5 Qf2+ 101.Kb3 Qf3+ 102.Kc4 Qf4+ 103.Kb3 Qf7+ 104.Ka3 Qf3+
105.Ka4 Qd1+ 106.Kb4 Qd2+  0-1

[Event "XXII Open"]
[Site "Reykjavik ISL"]
[Date "2006.03.06"]
[Round "1"]
[White "Steingrimsson,H"]
[Black "Bergsson,St"]
[Result "1/2-1/2"]
[WhiteElo "2439"]
[BlackElo "2144"]

1.Nf3 d5 2.d4 Nf6 3.c4 c6 4.Nc3 e6 5.e3 Nbd7 6.Bd3 Bd6 7.e4 dxe4 8.Nxe4 Nxe4
9.Bxe4 Nf6 10.Bc2 Bb4+ 11.Bd2 Qa5 12.a3 Bxd2+ 13.Qxd2 Qxd2+ 14.Kxd2 b5 15.c5 Ke7
16.b4 Rd8 17.a4 Bb7 18.Kc3 a5 19.axb5 Nd5+ 20.Kb3 cxb5 21.Rxa5 Rxa5 22.bxa5 Nf4
23.Ra1 Bxf3 24.gxf3 Ne2 25.Be4 Nxd4+ 26.Kb2 f5 27.Bb7 Kd7 28.a6 Kc7 29.c6 Nxc6
30.Rc1 Rd2+ 31.Kb3 Rd3+ 32.Ka2 Rd2+ 33.Kb3 Rd3+ 34.Kb2 Rd2+ 35.Kb1 Rd6 36.Rc3 Rd1+
37.Kb2 Rd2+ 38.Kb1 Rd1+ 39.Kb2 Rd2+ 40.Kb3 Rd6 41.Rc5 Rd3+ 42.Kb2 Rd2+ 43.Kb3 Rd3+
44.Kb2 Rd2+ 45.Kc3 Rd6 46.Rxb5 Na7 47.Re5 g5 48.h3 h6 49.Re2 Kb6 50.Rb2+ Kc5
51.Rd2 Rxd2 52.Kxd2 e5 53.Kd3 h5 54.Ke3 h4 55.Kd3 Nc6 56.Bc8 Nb4+ 57.Kc3 Nd5+
58.Kb3 Kb6 59.Kc4 Ne7 60.Bb7 Ng6 61.Kd5 Nf4+ 62.Kxe5 Nxh3 63.Kxf5 Nf4 64.Kg4 Ka7
65.Bc8 Kb6 66.Bb7 Ka7 67.Bc8 Kb6 68.a7 Kxa7 69.Bd7 Kb6 70.Kxg5 h3 71.Bxh3 Nxh3+
72.Kf6 Kc5 73.Ke5 Nxf2  1/2-1/2

[Event "XXII Open"]
[Site "Reykjavik ISL"]
[Date "2006.03.06"]
[Round "1"]
[White "Johannesson,I"]
[Black "Fressinet,L"]
[Result "0-1"]
[WhiteElo "2269"]
[BlackElo "2625"]

1.d4 d5 2.c4 c6 3.Nf3 Nf6 4.Nc3 e6 5.e3 Nbd7 6.Qc2 Bd6 7.b3 O-O 8.Bb2 e5
9.cxd5 cxd5 10.dxe5 Nxe5 11.Be2 Nxf3+ 12.Bxf3 d4 13.exd4 Re8+ 14.Ne2 Bg4
15.Bxg4 Nxg4 16.h3 Bb4+ 17.Kf1 Nf6 18.a3 Rc8 19.Qd3 Ba5 20.Rd1 Nd5 21.b4 Bb6
22.g3 Qf6 23.Kg1 Qe6 24.Rd2 a5 25.Kg2 axb4 26.axb4 Bd8 27.Bc1 Bg5 28.Rb2 Bxc1
29.Nxc1 Rc3 30.Qb1 Nf4+ 31.gxf4 Qd5+ 32.Kh2 Rxh3+ 33.Kxh3 Qxh1+ 34.Kg3 Re1
35.f5 h5 36.f3 Rxc1 37.Qe4 Rg1+ 38.Kf4 Qh4+ 39.Ke3 Qe1+ 40.Kd3 Qd1+ 41.Rd2 Qb3+
42.Ke2 Rg2+ 43.Ke1 Qxb4  0-1

[Event "ch-USA GpA"]
[Site "San Diego USA"]
[Date "2006.03.06"]
[Round "4"]
[White "Dlugy,M"]
[Black "Schneider,Ig"]
[Result "1-0"]
[WhiteElo "2531"]
[BlackElo "2376"]

1.c4 e6 2.d4 d5 3.Nf3 c6 4.e3 Nf6 5.Nc3 Nbd7 6.Qc2 h6 7.Bd2 Bd6 8.O-O-O Qe7
9.h3 a6 10.Kb1 dxc4 11.e4 Bc7 12.Bxc4 b5 13.Bd3 c5 14.dxc5 Nxc5 15.Nxb5 axb5
16.Bxb5+ Bd7 17.Bb4 Bb6 18.Rxd7 Nfxd7 19.Ne5 Rd8 20.Nxd7 Rxd7 21.Rd1 O-O
22.Rxd7 Qg5 23.f4 Qh5 24.Be2 Qh4 25.Bxc5 Rc8 26.b4 Bxc5 27.bxc5 Qe1+ 28.Rd1 Qb4+
29.Ka1 Rxc5 30.Qb3  1-0

[Event "LXIII ch-POL"]
[Site "Krakow POL"]
[Date "2006.03.07"]
[Round "11"]
[White "Socko,B"]
[Black "Bobras,P"]
[Result "1/2-1/2"]
[WhiteElo "2610"]
[BlackElo "2531"]

1.d4 d5 2.c4 c6 3.Nf3 Nf6 4.Nc3 e6 5.e3 Nbd7 6.Bd3 dxc4 7.Bxc4 b5 8.Bd3 Bb7
9.e4 b4 10.Na4 c5 11.e5 Nd5 12.O-O cxd4 13.Re1 Be7 14.Nxd4 O-O 15.Qg4 Re8
16.Bh6 Bf8 17.Bg5 Qb8 18.Qg3 a6 19.Rac1 g6 20.h4 Bg7 21.Nf3 Ne7 22.Nc5 Nxc5
23.Rxc5 Nf5 24.Qg4 h6 25.Bc1 Bxf3 26.Qxf3 Nxh4 27.Qe4 Nf5 28.g4 Ne7 29.Bd2 Nd5
30.Bc4 Qb6  1/2-1/2

[Event "XXII Open"]
[Site "Reykjavik ISL"]
[Date "2006.03.07"]
[Round "2"]
[White "D'Costa,L"]
[Black "Erenburg,S"]
[Result "0-1"]
[WhiteElo "2386"]
[BlackElo "2573"]

1.d4 d5 2.c4 e6 3.Nc3 c6 4.e3 Nf6 5.Nf3 a6 6.b3 Bb4 7.Bd2 Nbd7 8.Bd3 O-O
9.O-O Bd6 10.Qc2 Re8 11.e4 dxc4 12.Bxc4 b5 13.Bd3 e5 14.dxe5 Nxe5 15.Nxe5 Bxe5
16.Rad1 Ng4 17.h3 Qh4 18.Be1 Qh6 19.Bd2 Qh4 20.Be1 Qh6 21.Bd2 g5 22.Be2 Nh2
23.Rfe1 Qh4 24.Qd3 g4 25.Qe3 Re6 26.Bc1 Rg6 27.g3 Nf3+ 28.Bxf3 gxf3 29.Qxf3 Bxg3  0-1

[Event "XXII Open"]
[Site "Reykjavik ISL"]
[Date "2006.03.07"]
[Round "2"]
[White "Johansson,V"]
[Black "Kristjansson,A"]
[Result "0-1"]
[WhiteElo "2222"]
[BlackElo "1922"]

1.d4 d5 2.c4 e6 3.Nf3 c6 4.e3 Nf6 5.Nc3 Nbd7 6.Qc2 Bd6 7.Be2 e5 8.dxe5 Nxe5
9.cxd5 cxd5 10.O-O O-O 11.Rd1 Bb8 12.Nb5 a6 13.Nbd4 Qd6 14.g3 Ne4 15.Nxe5 Qxe5
16.Bd2 Ba7 17.Bb4 Re8 18.Bc3 Nxf2 19.Kxf2 Qxe3+ 20.Kg2 Bxd4 21.Rxd4 Qxe2+
22.Qxe2 Rxe2+ 23.Kf3 Re5 24.Rad1 Be6 25.Rb4 Re4 26.Rxe4 dxe4+ 27.Kxe4 Bxa2
28.Rd7 b5 29.Kd4 h6 30.Kc5 Be6 31.Rd6 Bc4 32.Kb6 Rb8+ 33.Kc5 Be2 34.Bb4 Rc8+
35.Kb6 Rc2 36.Rd2 Rxd2 37.Bxd2 g5 38.Kxa6 Kg7 39.Kb6 Kg6 40.Kc5 Kf5 41.Kd4 Kg4
42.h4 Kxg3 43.hxg5 h5 44.Ke5 h4 45.Kf6 Bh5 46.Kf5 h3 47.Bf4+ Kg2  0-1

[Event "XXII Open"]
[Site "Reykjavik ISL"]
[Date "2006.03.07"]
[Round "2"]
[White "Hillarp Persson,T"]
[Black "Thorfinnsson,Bj"]
[Result "1-0"]
[WhiteElo "2548"]
[BlackElo "2337"]

1.d4 d5 2.c4 c6 3.Nc3 Nf6 4.e3 e6 5.Nf3 Nbd7 6.Bd3 Be7 7.O-O O-O 8.e4 dxe4
9.Nxe4 c5 10.Nxc5 Nxc5 11.dxc5 Bxc5 12.Qe2 b6 13.Bg5 Bb7 14.Ne5 h6 15.Bxf6 Qxf6
16.Nd7 Qg5 17.Be4 Bxe4 18.Qxe4 Rfd8 19.Rad1 Rac8 20.Rd3 Rc7 21.h4 Qe7 22.Nxc5 Rxc5
23.g3 Rxd3 24.Qxd3 g5 25.hxg5 hxg5 26.Rd1 a6 27.b4 Rc8 28.a3 a5 29.Qc3 axb4
30.axb4 f6 31.Rd4 Rd8 32.Rxd8+ Qxd8 33.c5 bxc5 34.Qxc5 Qd3 35.b5 Qb1+ 36.Kg2 Qe4+
37.Kf1 Qd3+ 38.Ke1 e5 39.Qb4 Qd5 40.b6 Qb7 41.Ke2 Kf7 42.g4 Ke6 43.Qc5 Kd7
44.Ke3 Qh1 45.Qb5+ Kc8 46.Qc4+ Kd7 47.Qf7+ Kc6 48.Qxf6+ Kb7 49.Qf3+  1-0

[Event "XXII Open"]
[Site "Reykjavik ISL"]
[Date "2006.03.08"]
[Round "3"]
[White "Ward,C"]
[Black "Arngrimsson,D"]
[Result "1-0"]
[WhiteElo "2475"]
[BlackElo "2298"]

1.d4 d5 2.c4 c6 3.Nc3 Nf6 4.e3 e6 5.Nf3 Nbd7 6.Qc2 Bd6 7.g4 Nxg4 8.Rg1 Qf6
9.Rxg4 Qxf3 10.Rxg7 Nf8 11.Rg1 Bxh2 12.Be2 Qf6 13.Rg2 Bd6 14.e4 Bf4 15.cxd5 Bxc1
16.e5 Qh4 17.Ne4 Be3 18.dxc6 b6 19.Qd3 Bh6 20.Nf6+ Kd8 21.Qa3 Bd2+ 22.Kxd2 Qxd4+
23.Ke1 Qc5 24.Rd1+ Ke7 25.Ng8+ Rxg8 26.Qxc5+ bxc5 27.Rxg8  1-0